<?xml version="1.0" encoding="UTF-8"?>
<marc:record xmlns:marc="http://www.loc.gov/MARC21/slim">
   <marc:leader>00000nam a2200000 a 4500</marc:leader>
   <marc:datafield ind1="1" ind2=" " tag="100">
      <marc:subfield code="a">Safier, David</marc:subfield>
      <marc:subfield code="4">aut</marc:subfield>
      <marc:subfield code="e">Verfasser/-in</marc:subfield>
   </marc:datafield>
   <marc:datafield ind1="0" ind2="0" tag="245">
      <marc:subfield code="a">Solange wir leben</marc:subfield>
   </marc:datafield>
   <marc:datafield ind1="0" ind2="0" tag="245">
      <marc:subfield code="c">David Safier</marc:subfield>
   </marc:datafield>
   <marc:datafield ind1=" " ind2="1" tag="264">
      <marc:subfield code="a">Hamburg</marc:subfield>
      <marc:subfield code="b">ROWOHLT Kindler</marc:subfield>
      <marc:subfield code="c">2023</marc:subfield>
   </marc:datafield>
   <marc:datafield ind1=" " ind2=" " tag="250">
      <marc:subfield code="a">2. Auflage</marc:subfield>
   </marc:datafield>
   <marc:datafield ind1="1" ind2=" " tag="520">
      <marc:subfield code="a">David Safier erzählt in diesem dramatischen und zärtlichen Roman die Geschichte seiner Eltern: Sie führt uns vom Wien des Jahres 1937, durch die Gefängnisse der Gestapo, nach Palästina, wo sein Vater Joschi als Barmann und Spion arbeitet und schließlich zur See fährt. Seine Mutter Waltraut wächst als Tochter eines Werftarbeiters in Bremen auf, erlebt Kriegszeit, Trümmerjahre und Wirtschaftswunder. Bei ihrer ersten Begegnung ist Waltraut eine junge alleinerziehende Witwe, Joschi zwanzig Jahre älter als sie. Wenig spricht dafür, dass die beiden sich ineinander verlieben und ein gemeinsames Leben wagen - ein Leben geprägt von steilen Höhenflügen und dramatischen Schicksalsschlägen.</marc:subfield>
   </marc:datafield>
   <marc:datafield ind1=" " ind2=" " tag="020">
      <marc:subfield code="a">9783463000305</marc:subfield>
      <marc:subfield code="9">9783463000305</marc:subfield>
   </marc:datafield>
   <marc:datafield ind1=" " ind2=" " tag="020">
      <marc:subfield code="a">346300030X</marc:subfield>
      <marc:subfield code="9">346300030X</marc:subfield>
   </marc:datafield>
   <marc:datafield ind1="3" ind2=" " tag="024">
      <marc:subfield code="a">9783463000305</marc:subfield>
   </marc:datafield>
   <marc:datafield ind1=" " ind2=" " tag="041">
      <marc:subfield code="a">ger</marc:subfield>
   </marc:datafield>
   <marc:datafield ind1=" " ind2=" " tag="300">
      <marc:subfield code="a">464 Seiten</marc:subfield>
   </marc:datafield>
</marc:record>
